[Event "Aragon-chT Preferente Gr I"]
[Site "Aragon"]
[Date "2022.02.26"]
[Round "5.35"]
[White "Casas Castillero, Jose Antonio"]
[Black "Larrosa Poves, Jose Manuel"]
[Result "0-1"]
[WhiteElo "1719"]
[BlackElo "1912"]
[PlyCount "93"]
[EventDate "2022.01.29"]
[EventType "team-tourn"]
[EventRounds "9"]
[EventCountry "ESP"]
[SourceTitle "EXT 2024"]
[Source "ChessBase"]
[SourceDate "2023.10.10"]
[SourceVersion "1"]
[SourceVersionDate "2023.10.10"]
[SourceQuality "1"]
[WhiteTeam "Dr Azua"]
[BlackTeam "Agrupacion II"]
[WhiteTeamCountry "ESP"]
[BlackTeamCountry "ESP"]

1. d4 d5 2. c4 e6 3. Nf3 c6 4. Nc3 dxc4 5. e3 b5 6. a4 Bb4 7. axb5 cxb5 8. Bd2 Bxc3 9. Bxc3 Bb7 10. Be2 a5 11. b3 b4 12. Bd2 c3 13. Bc1 Nf6 14. 0-0 0-0 15. Qd3 Ba6 16. Qd1 Bxe2 17. Qxe2 Qd5 18. Qc2 Nbd7 19. Rd1 Rfc8 20. h3 a4 21. Rb1 a3 22. Re1 Qe4 23. Re2 Qxc2 24. Rxc2 Ne4 25. Ne1 f5 26. Nd3 Rab8 27. f3 Nef6 28. Kf2 Rb5 29. g4 h6 30. gxf5 exf5 31. Nf4 g5 32. Nd3 Kh7 33. Kg3 Nd5 34. e4 fxe4 35. fxe4 N5f6 36. e5 Nd5 37. h4 gxh4+ 38. Kxh4 Rg8 39. Re2 Re8 40. Nf4 Nxf4 41. Bxf4 Nf6 42. Rh1 Nd5 43. Bc1 Re6 44. Kg4 Ra5 45. Ra2 Rg6+ 46. Kf5 Ne7+ 47. Ke4 0-1

[Event "Aragon-chT Preferente Gr I"]
[Site "Aragon"]
[Date "2022.02.19"]
[Round "4.36"]
[White "Arpa Pardo, Emilio"]
[Black "Larrosa Poves, Jose Manuel"]
[Result "1-0"]
[WhiteElo "1877"]
[BlackElo "1912"]
[PlyCount "63"]
[EventDate "2022.01.29"]
[EventType "team-tourn"]
[EventRounds "9"]
[EventCountry "ESP"]
[SourceTitle "EXT 2024"]
[Source "ChessBase"]
[SourceDate "2023.10.10"]
[SourceVersion "1"]
[SourceVersionDate "2023.10.10"]
[SourceQuality "1"]
[WhiteTeam "Teruel"]
[BlackTeam "Agrupacion II"]
[WhiteTeamCountry "ESP"]
[BlackTeamCountry "ESP"]

1. d4 d5 2. c4 e6 3. Nc3 c6 4. Nf3 dxc4 5. Bg5 Qc7 6. g3 Nf6 7. Bg2 Bb4 8. Qc2 Nd5 9. 0-0 h6 10. Nxd5 exd5 11. Bf4 Bd6 12. Ne5 0-0 13. e4 Be6 14. Rac1 Nd7 15. Nxd7 Qxd7 16. Bxd6 Qxd6 17. e5 Qd7 18. f4 Bf5 19. Qf2 b5 20. h3 Bxh3 21. f5 Bxg2 22. Kxg2 c5 23. Qf4 cxd4 24. Rh1 g5 25. Qg4 f6 26. Rxh6 d3 27. Rch1 Qg7 28. Rh8+ Qxh8 29. Rxh8+ Kxh8 30. Qh5+ Kg7 31. Qg6+ Kh8 32. exf6 1-0

[Event "Aragon-chT"]
[Site "Aragon"]
[Date "2009.03.28"]
[Round "9"]
[White "Cobo Garrido, Diego Israel"]
[Black "Larrosa Poves, Jose Manuel"]
[Result "1-0"]
[WhiteElo "2026"]
[BlackElo "2080"]
[PlyCount "79"]
[EventDate "2009.01.24"]
[EventType "team-swiss"]
[EventRounds "9"]
[EventCountry "ESP"]
[SourceTitle "EXT 2011"]
[Source "ChessBase"]
[SourceDate "2010.11.26"]
[SourceVersion "1"]
[SourceVersionDate "2010.11.26"]
[SourceQuality "1"]

1. e4 c5 2. Nf3 e6 3. d4 cxd4 4. Nxd4 a6 5. Bd3 Nc6 6. Nxc6 dxc6 7. 0-0 e5 8. Qh5 Qc7 9. Nc3 Nf6 10. Qh4 Be7 11. a4 a5 12. Nd1 Be6 13. Ne3 Ng4 14. Qg3 Nxe3 15. Bxe3 Bd6 16. f3 0-0 17. Qf2 Qe7 18. Kh1 Rfb8 19. Qe2 Bc5 20. Bd2 Bb4 21. Be3 Bc5 22. Bd2 Bb4 23. c3 Bc5 24. Bc4 Bxc4 25. Qxc4 b5 26. axb5 cxb5 27. Qe2 Qe6 28. Rfd1 Qc4 29. Qe1 a4 30. Be3 Bxe3 31. Qxe3 Rd8 32. Qb6 Rxd1+ 33. Rxd1 f6 34. h3 a3 35. bxa3 Qxc3 36. Qb7 Qxa3 37. Qxb5 Qa4 38. Rd8+ Kf7 39. Qd5+ Kg6 40. Rxa8 1-0